[Event "Menorca op-B 4th"]
[Site "Ciutadella"]
[Date "2025.04.21"]
[Round "9"]
[White "Dudkin, Ruslan"]
[Black "Rodriguez Canovas, Elena"]
[Result "1/2-1/2"]
[WhiteElo "1829"]
[BlackElo "1834"]
[PlyCount "90"]
[EventDate "2025.04.16"]
[EventType "swiss"]
[EventRounds "9"]
[EventCountry "ESP"]
[SourceTitle "CB18_2025"]
[SourceDate "2025.04.30"]
[SourceVersion "1"]
[SourceVersionDate "2025.04.30"]
[SourceQuality "1"]

1. c4 e6 2. Nf3 d5 3. d4 Bb4+ 4. Bd2 Be7 5. g3 Nf6 6. Nc3 c6 7. b3 Ne4 8. Bg2 Nxd2 9. Qxd2 0-0 10. 0-0 Nd7 11. e4 dxe4 12. Nxe4 Nf6 13. Nxf6+ Bxf6 14. Rad1 Qb6 15. Qc2 Rd8 16. c5 Qc7 17. Rfe1 Bd7 18. Ne5 Be8 19. h4 Qa5 20. Nc4 Qc7 21. Qe4 Rab8 22. Bh3 Rd7 23. Ne5 Rd5 24. Ng4 Qd8 25. Nxf6+ Qxf6 26. Re3 Rbd8 27. Red3 Qe7 28. Bg2 Qf6 29. Qg4 R5d7 30. Bf1 Rd5 31. b4 Qe7 32. a4 Kh8 33. Qe2 Qf6 34. Qb2 Qe7 35. Bg2 R5d7 36. b5 Rc7 37. Qb4 cxb5 38. axb5 b6 39. Kh2 Kg8 40. Qa4 bxc5 41. dxc5 Rxd3 42. Rxd3 Qxc5 43. Rd8 Rc8 44. Rxc8 Qxc8 45. Bc6 g6 1/2-1/2

[Event "Menorca op-B 4th"]
[Site "Ciutadella"]
[Date "2025.04.20"]
[Round "8"]
[White "Rodriguez Canovas, Elena"]
[Black "Blaszkiewicz, Jakub"]
[Result "1-0"]
[WhiteElo "1834"]
[BlackElo "1825"]
[PlyCount "55"]
[EventDate "2025.04.16"]
[EventType "swiss"]
[EventRounds "9"]
[EventCountry "ESP"]
[SourceTitle "CB18_2025"]
[SourceDate "2025.04.30"]
[SourceVersion "1"]
[SourceVersionDate "2025.04.30"]
[SourceQuality "1"]

1. d4 d5 2. Nf3 Nf6 3. c4 c6 4. g3 Bg4 5. Bg2 e6 6. 0-0 Be7 7. Nc3 dxc4 8. Ne5 Nbd7 9. Nxg4 Nxg4 10. e4 Ngf6 11. e5 Nd5 12. Qg4 g6 13. Ne4 Qc7 14. Bg5 Bf8 15. Rac1 h6 16. Bd2 0-0-0 17. Rxc4 h5 18. Qf3 N7b6 19. Rcc1 Kb8 20. Bg5 Rc8 21. Qb3 Be7 22. Bd2 h4 23. a4 Nd7 24. Rc2 f6 25. exf6 N7xf6 26. Nxf6 Bxf6 27. Bxd5 exd5 28. Bf4 1-0

[Event "ESP-ch U14 rapid"]
[Site "Salobrena"]
[Date "2023.07.23"]
[Round "8"]
[White "Rodriguez Canovas, Elena"]
[Black "Rojas Fernandez, Antonio"]
[Result "0-1"]
[WhiteElo "1511"]
[BlackElo "1679"]
[PlyCount "166"]
[EventDate "2023.07.22"]
[EventType "swiss (rapid)"]
[EventRounds "9"]
[EventCountry "ESP"]
[SourceTitle "EXT 2024"]
[Source "ChessBase"]
[SourceDate "2023.10.10"]
[SourceVersion "1"]
[SourceVersionDate "2023.10.10"]
[SourceQuality "1"]

1. d4 d5 2. Nf3 Nf6 3. g3 Bf5 4. Bg2 c6 5. 0-0 e6 6. c4 Be7 7. Qb3 Qb6 8. c5 Qxb3 9. axb3 0-0 10. Nc3 Nbd7 11. Bf4 Ne4 12. Nd2 Nxd2 13. Bxd2 e5 14. e3 Bf6 15. dxe5 Bxe5 16. b4 Rfe8 17. Ra3 a6 18. Rfa1 Rad8 19. Na4 Be4 20. Bc3 Bxg2 21. Kxg2 Bxc3 22. bxc3 Ne5 23. Nb2 Nc4 24. R3a2 Nd2 25. Rd1 Ne4 26. Na4 f5 27. Rc2 Kf7 28. Nb2 g6 29. Nd3 Ra8 30. Ra1 Red8 31. Nc1 Ra7 32. Nb3 Raa8 33. Na5 Rd7 34. Rd1 Rad8 35. Rcc1 Ke7 36. Rd3 Ng5 37. h4 Nf7 38. Rcd1 Ne5 39. Rd4 Ke6 40. Nb3 Nc4 41. Nc1 a5 42. Nb3 axb4 43. cxb4 Ra8 44. Nc1 Ne5 45. Nb3 Nc4 46. Nc1 Ra4 47. Nd3 Ke7 48. Rb1 Rd8 49. b5 Ra7 50. bxc6 bxc6 51. Nb4 Kd7 52. Rbd1 Kc7 53. Kf1 Rb8 54. Nd3 Ra2 55. Nc1 Ra1 56. Ne2 Rbb1 57. Nc3 Rxd1+ 58. Nxd1 Ra5 59. Ke2 Rxc5 60. Kd3 Ra5 61. Nc3 Ne5+ 62. Ke2 Rc5 63. Na4 Rc2+ 64. Rd2 Rxd2+ 65. Kxd2 Kd6 66. Nc3 Ng4 67. Ke2 Nf6 68. f3 Kc5 69. Kd3 Nd7 70. Ne2 Ne5+ 71. Kc3 Nxf3 72. Nf4 Kd6 73. Kd3 Ne5+ 74. Kd4 c5+ 75. Kc3 Ng4 76. Kd3 Nf6 77. Ne2 Ne4 78. Kc2 Ke5 79. Kd3 c4+ 80. Kc2 Nc5 81. Nd4 Ke4 82. Kd2 Nb3+ 83. Nxb3 cxb3 0-1

[Event "ESP-ch U14"]
[Site "Salobrena"]
[Date "2022.07.18"]
[Round "1"]
[White "Habans Aguerrea, Javier"]
[Black "Rodriguez Canovas, Elena"]
[Result "1-0"]
[WhiteElo "2374"]
[BlackElo "1521"]
[PlyCount "79"]
[EventDate "2022.07.18"]
[EventType "swiss"]
[EventRounds "9"]
[EventCountry "ESP"]
[SourceTitle "EXT 2023"]
[Source "ChessBase"]
[SourceDate "2022.10.05"]
[SourceVersion "1"]
[SourceVersionDate "2022.10.05"]
[SourceQuality "1"]

1. c4 e6 2. g3 d5 3. Bg2 c6 4. Qc2 Nf6 5. Nf3 Be7 6. 0-0 0-0 7. d4 Nbd7 8. Nbd2 Re8 9. Rd1 Bd6 10. e4 dxe4 11. Nxe4 Nxe4 12. Qxe4 Nf6 13. Qc2 Bd7 14. Ne5 Qb8 15. Bg5 Qd8 16. Bxf6 gxf6 17. Nxf7 Qe7 18. Nxd6 Qxd6 19. c5 Qf8 20. Re1 Re7 21. Rad1 Be8 22. b4 Bh5 23. Rd2 Rd8 24. h4 Qg7 25. Kh2 Kf8 26. a4 Be8 27. Qb2 a6 28. Rde2 Bd7 29. b5 axb5 30. axb5 Rde8 31. bxc6 bxc6 32. Qb6 Rc8 33. Ra2 Qf7 34. Ra7 Be8 35. Rea1 Rcc7 36. Rxc7 Rxc7 37. Ra8 Rb7 38. Rxe8+ Kg7 39. Qxc6 Rc7 40. Qxe6 1-0

[Event "ESP-ch U12"]
[Site "Salobrena"]
[Date "2020.07.31"]
[Round "8"]
[White "Rodriguez Canovas, Elena"]
[Black "Fernandez Climent, Albert"]
[Result "0-1"]
[WhiteElo "1457"]
[BlackElo "1789"]
[PlyCount "140"]
[EventDate "2020.07.27"]
[EventType "swiss"]
[EventRounds "9"]
[EventCountry "ESP"]
[SourceTitle "EXT 2021"]
[Source "ChessBase"]
[SourceDate "2020.10.23"]
[SourceVersion "1"]
[SourceVersionDate "2020.10.23"]
[SourceQuality "1"]

1. d4 Nf6 2. Nf3 g6 3. Nc3 Bg7 4. Bf4 0-0 5. e3 d5 6. Be2 a6 7. Ne5 c5 8. h4 h5 9. g4 Nxg4 10. Nxg4 Bxg4 11. Bxg4 hxg4 12. Qxg4 cxd4 13. exd4 Qb6 14. Bc1 Bxd4 15. Nxd5 Qa5+ 16. Kf1 Qxd5 17. Rh3 Qf5 18. Qxf5 gxf5 19. Bh6 Rc8 20. c3 Bf6 21. Rd1 Nc6 22. Rdd3 Kh7 23. Bg5 Bxg5 24. hxg5+ Kg7 25. Rd7 b5 26. Rh6 e6 27. Rxe6 Na5 28. Rf6 Rf8 29. Rxf5 Nc6 30. Rf6 Ne5 31. Rb7 Nc4 32. b3 Nd2+ 33. Ke2 Ne4 34. Rf3 Nxg5 35. Rg3 Rfe8+ 36. Re3 Ne4 37. Rc7 Rad8 38. Ke1 Nf6 39. Rc5 Rxe3+ 40. fxe3 Ne4 41. Rc6 Rd3 42. Ke2 Rd6 43. Rxd6 Nxd6 44. Kd3 Kf6 45. c4 bxc4+ 46. bxc4 Ke5 47. c5 Ne8 48. a3 f5 49. c6 Kd6 50. Kd4 Kxc6 51. Ke5 Nd6 52. Kd4 Nb5+ 53. Ke5 Nxa3 54. Kxf5 Nc4 55. Ke4 Kb5 56. Kd3 Kb4 57. e4 Kb3 58. Kd4 a5 59. e5 Nxe5 60. Kxe5 a4 61. Ke4 a3 62. Ke5 a2 63. Kf5 a1Q 64. Kg5 Qf1 65. Kh4 Qg2 66. Kh5 Kc4 67. Kh6 Kd5 68. Kh5 Ke5 69. Kh6 Kf6 70. Kh7 Qg7# 0-1

[Event "ESP-ch U12"]
[Site "Salobrena"]
[Date "2020.07.29"]
[Round "4"]
[White "Rodriguez Canovas, Elena"]
[Black "Oubina Pazos, Ricardo"]
[Result "1-0"]
[WhiteElo "1457"]
[BlackElo "1221"]
[PlyCount "75"]
[EventDate "2020.07.27"]
[EventType "swiss"]
[EventRounds "9"]
[EventCountry "ESP"]
[SourceTitle "EXT 2021"]
[Source "ChessBase"]
[SourceDate "2020.10.23"]
[SourceVersion "1"]
[SourceVersionDate "2020.10.23"]
[SourceQuality "1"]

1. d4 d5 2. Nf3 e6 3. e3 f5 4. Be2 Nf6 5. Ne5 Bd6 6. b3 Nbd7 7. Bb2 0-0 8. Nd2 c6 9. Ndf3 Ng4 10. h3 Ngxe5 11. dxe5 Bc7 12. 0-0 Nc5 13. Ba3 b6 14. Qd4 Bb7 15. Bxc5 bxc5 16. Qxc5 Bb6 17. Qc3 c5 18. Qd3 a5 19. Rfd1 a4 20. a3 Ba6 21. c4 Qe7 22. Qc2 axb3 23. Qxb3 Rab8 24. Qc2 Rfd8 25. cxd5 Bxe2 26. Qxe2 exd5 27. Qc2 Bc7 28. Qxf5 Rbc8 29. e6 g6 30. Qg4 Kg7 31. Ng5 h6 32. Nf7 Rf8 33. Rxd5 Qf6 34. Rad1 Rce8 35. Rd7 Rxe6 36. Qxe6 Kg8 37. Qxf6 c4 38. Qh8# 1-0